00373nam a2200145Ia 450000500170000000800410001704000190005804100120007708200130008924500370010226000430013930000160018265000190019885000100021720240808100327.0131103s9999 xx 000 0 und d aLoreto College aEnglish a822bTUR aLittle plays from Indian history aBombaybOxford University Pressc[19?] a81p.b ill. aEnglish poetry aLCBED